Statistiques concernant Culture Générale - Série 524

Cliquez ici pour prendre le quiz!

Statistiques générales

  • Ce quiz a été pris 69 fois
  • Le résultat moyen est 6 sur 10

Statistiques - réponses

QuestionRéponse% Correct
Combien de côtés un heptagone possède-t-il ?7
100%
Selon la légende, quels fruits Héraclès (Hercule) a-t-il rapportés du jardin des Hespérides ?pommes
86%
De quel héros de cape et d'épée Petit Jean est-il l'un des plus fidèles compagnons ?Robin des bois
84%
Selon la Bible, qui est la mère d'Abel et de Caïn ?Eve
77%
Quel est le métier d'Ally McBeal dans la série télévisée du même nom ?Avocate
66%
Quel mot latin de trois lettres ajoute-t-on au terme "ad" pour signifier "pour cela" ?Hoc
47%
Selon la mythologie, de qui l'ambroisie était-elle la nourriture ?des dieux
39%
Complétez le titre d'une chanson de Michel Polnareff en 1971 : "Qui a tué...Grand-maman
22%
Comment s'appelle le capitaine de Starsky et Hutch dans la série télévisée ?Harold Dobey
19%
Selon le titre de sa chanson, quelle "miss" Boris a-t-il chantée en 1996 ?Miss Camping
17%

Distribution des résultats

Percentile par nombre de réponses

% des personnes avec chaque résultat

Votre développement - résultats

Vous n’avez pas pris ce quiz